| 000 | 00577nam a2200193Ia 4500 | ||
|---|---|---|---|
| 008 | 151121s9999||||xx |||||||||||||| ||und|| | ||
| 082 | _a811/महानो | ||
| 082 | _bHNW-79607 | ||
| 100 | _aमहानोर ना। धो। | ||
| 245 | _aपानझड | ||
| 260 | _b"पॉप्युलर प्रकाशन, मुंबई" | ||
| 260 | _c-- | ||
| 300 | _a62 | ||
| 600 | _aमहानोर ना। धो। | ||
| 630 | _aपानझड | ||
| 700 | _aमहानोर ना। धो। | ||
| 730 | _aपानझड | ||
| 942 | _cBOOK | ||
| 999 |
_c1260969 _d1260966 |
||